| 000 | 00366 a2200157 4500 | ||
|---|---|---|---|
| 001 | 75461 | ||
| 020 | _a9788516089863 | ||
| 040 | _cAnchieta - Colégio São Paulo | ||
| 100 | _aScorsafava, Mara | ||
| 240 | 1 | 0 |
_aConexão em língua portuguesa _lpor |
| 245 | 1 | 0 | _aConexão em língua portuguesa |
| 300 | _a263 | ||
| 362 | 0 | _a0 | |
| 650 | 4 | _aPortuguês | |
| 942 | _cBK | ||
| 999 |
_c75461 _d75461 |
||